Essex Towns & Cities — Word Scramble - Statistics

General Stats
  • This quiz has been taken 590 times
  • The average score is 7 of 16
Answer Stats
Letters # Words Town / City % Correct
nadmol 1 Maldon
79%
shlordfecm 1 Chelmsford
69%
shrecctoel 1 Colchester
63%
wroahl 1 Harlow
62%
sygar 1 Grays
61%
crahwhi 1 Harwich
59%
slobdina 1 Basildon
49%
erbinrate 1 Braintree
49%
onedonashutes 3 Southend-on-Sea
42%
hotnetzonewnala 4 Walton-on-the-Naze
41%
wrondtebo 1 Brentwood
40%
frikdowc 1 Wickford
40%
machocornhubrun 3 Burnham-on-Crouch
19%
fearsanndfowl 2 Saffron Walden
13%
rheastbiggiln 1 Brightlingsea
8%
moundgwater 2 Great Dunmow
7%
No matching quizzes found
Score Distribution
Percent of People with Each Score
Percentile by Number Answered
Your Score History
You have not taken this quiz